<?xml version="1.0" encoding="UTF-8"?>
<record
    xmlns:xsi="http://www.w3.org/2001/XMLSchema-instance"
    xsi:schemaLocation="http://www.loc.gov/MARC21/slim http://www.loc.gov/standards/marcxml/schema/MARC21slim.xsd"
    xmlns="http://www.loc.gov/MARC21/slim">

  <leader>00501nam a2200145   4500</leader>
  <controlfield tag="008">709.87 B764a</controlfield>
  <datafield tag="020" ind1=" " ind2=" ">
    <subfield code="a">9780870707100</subfield>
  </datafield>
  <datafield tag="082" ind1=" " ind2=" ">
    <subfield code="a">709.87</subfield>
    <subfield code="b">B764a</subfield>
  </datafield>
  <datafield tag="100" ind1=" " ind2=" ">
    <subfield code="a">Boulton, Alfredo</subfield>
    <subfield code="9">6202</subfield>
  </datafield>
  <datafield tag="245" ind1=" " ind2=" ">
    <subfield code="a">Alfredo Boulton and his contemporaries</subfield>
    <subfield code="c">Jim&#xE9;nez, Ariel (curador)</subfield>
  </datafield>
  <datafield tag="260" ind1=" " ind2=" ">
    <subfield code="a">Nueva York</subfield>
    <subfield code="b">Museum of Modern Art</subfield>
    <subfield code="c">2008</subfield>
  </datafield>
  <datafield tag="300" ind1=" " ind2=" ">
    <subfield code="a">392 p.</subfield>
    <subfield code="b">ill (col)</subfield>
    <subfield code="c">24.5 x 17 cm.</subfield>
  </datafield>
  <datafield tag="650" ind1=" " ind2=" ">
    <subfield code="x">arte contempor&#xE1;neo</subfield>
    <subfield code="x">arte venezolano</subfield>
    <subfield code="x">Venezuela</subfield>
    <subfield code="x">siglo XX</subfield>
    <subfield code="x">Alfredo Boulton</subfield>
    <subfield code="9">6203</subfield>
  </datafield>
  <datafield tag="710" ind1=" " ind2=" ">
    <subfield code="a">Museum of Modern Art</subfield>
    <subfield code="9">83</subfield>
  </datafield>
  <datafield tag="999" ind1=" " ind2=" ">
    <subfield code="c">1408</subfield>
    <subfield code="d">1408</subfield>
  </datafield>
  <datafield tag="952" ind1=" " ind2=" ">
    <subfield code="0">0</subfield>
    <subfield code="1">0</subfield>
    <subfield code="2">ddc</subfield>
    <subfield code="4">0</subfield>
    <subfield code="7">0</subfield>
    <subfield code="a">LV</subfield>
    <subfield code="b">LV</subfield>
    <subfield code="c">Pensamiento</subfield>
    <subfield code="d">2018-03-17</subfield>
    <subfield code="l">0</subfield>
    <subfield code="o">709.87 B764a</subfield>
    <subfield code="p">004527</subfield>
    <subfield code="r">2018-03-17 00:00:00</subfield>
    <subfield code="w">2018-03-17</subfield>
    <subfield code="y">01</subfield>
  </datafield>
</record>
